000
00240nam a2200109Ia 4500
008
190216s9999||||xx |||||||||||||| ||und||
100
_a
Nayar G K
245
0
_a
Laboratory Handbook
260
_b
Abp Pub
_c
1955
300
_a
55p
942
_c
REF
999
_c
35763
_d
35763